Quiz sulla storia del Brasile - Statistics

Statistiche generali
  • Questo quiz è stato fatto 35 volte
  • Il punteggio medio è 10 su 18
Statistiche sulle risposte
DOMANDA RISPOSTA % Corretto
Nazione europea che colonizzò il Brasile Portogallo
97%
Città attualmente più popolosa San Paolo
91%
Religione maggiormente praticata Cattolica/Cattolicesimo
79%
Ultimo presidente brasiliano controverso di destra Bolsonaro
74%
Presidente attuale Lula
74%
Metallo prezioso scoperto soltanto al termine del XVII secolo nell'ovest del paese Oro
74%
Fiume importantissimo per l'economia brasiliana Rio delle Amazzoni
71%
Prodotto/bevanda che nel XIX secolo sostituì lo zucchero come principale esportazione del paese Caffè
59%
Tipo di foresta dell'Amazzonia Pluviale
59%
Apparvero i primi focolai contro l'impero nel Rio Grande do Sul, come la guerra dei Farrapos (drappi) alla quale partecipò anche un italiano che contribuì anche all'unione dell'Italia Garibaldi
53%
Tra il 1555 e il 1567 coloni di questa nazione europea cercarono di stabilirsi nell'area di Rio de Janeiro Francia
47%
Trattato che suddivise il Sudamerica nel 1494 Tordesillas
47%
Ordine religioso che evangelizzò gli indigeni brasiliani Gesuiti
41%
Insieme a quest'altro stato dell'America Latina, il Brasile fu l'unico stato ad adottare la monarchia per oltre 90 anni Messico
41%
Nel 1808 dopo l'invasione del Portogallo da parte di questo generale, la corte si trasferì in Brasile Napoleone
32%
Anno di proclamazione d'indipendenza 1822
29%
Prima città elevata a capitale del Brasile Salvador
29%
Numero di Patrimoni Unesco 23
18%
Nessun quiz corrispondente trovato
Distribuzione punteggi
Percentuale di utenti per punteggio
Percentile per numero di risposta
I tuoi punteggi nel tempo
Non hai fatto questo quiz